000 01241nam2a22002531 4500
001 v19\rc\1839205
005 20250620091253.0
035 _a(NLR Aleph) 005257880
090 _a5870924
_c5870924
100 _a20071224d1919 |||y0rusy50 ca
101 0 _arus
102 _aRU
105 _ay g |||||
200 1 _aПрибытие и транзит грузов 1-й категории
210 _d1919
_aБ. м.
215 _aXIV, 432 с.
461 0 _1001v19\rc\1839182
_12001#$aСтатистические сведения о перевозке всякого рода грузов...$fМ-во путей сообщения. Упр. ж. д. Пермская ж. д.$v... в 1917 году, вып. 2
_95870701
_aПермская железная дорога
_cПермь
_d1908-1924
_fМ-во путей сообщения. Упр. ж. д. Пермская ж. д.
_tСтатистические сведения о перевозке всякого рода грузов...
_v... в 1917 году, вып. 2
801 0 _aRU
_bNLR
_c20071224
_gpsbo
801 0 _aRU
_bRuMoRGB
_c20071224
_2psbo
801 1 _aRU
_bProSoft-M
_c20071224
_2rusmarc
801 2 _aRU
_bNLR
_c20110816
_2rusmarc
852 _aNLR
_j17.160.1.74
942 _cBOOK
980 _aNB